| 000 | 02080cam a22005054i 4500 | ||
|---|---|---|---|
| 003 | PE-LiUPU | ||
| 005 | 20250731165507.0 | ||
| 008 | 150623s r 000 0 d | ||
| 020 | _a8876531467 | ||
| 035 | _a(Sirsi) i9788876531460 | ||
| 040 |
_aPE-LiUPU _bspa _cPE-LiUPU _erda |
||
| 049 | _aPRUA | ||
| 082 | 0 | 4 |
_a221.008 _bAB _221 |
| 100 | 1 |
_aPrasad, Jacob, _eautor. |
|
| 245 | 1 | 0 |
_aFoundations of the Christian way of life according to 1 Peter 1, 13-25 : _ban exegetico-theological study. _n146 / _cJacob Prasad. |
| 264 | 1 |
_aRoma : _bEditrice Pontificio Istituto Biblico, _c2000. |
|
| 300 |
_a466 páginas ; _c24 centímetros |
||
| 336 |
_atext _2rdacontent |
||
| 337 |
_aunmediated _2rdamedia |
||
| 338 |
_avolume _2rdacarrier |
||
| 490 | 0 |
_aAnalecta Bíblica. Investigationes Scientificae in Res Biblicas ; _v146 |
|
| 504 | _aIncluye bibliografía. | ||
| 505 | 0 | _aThe authorship and date of 1 Peter. -The unity and literary genre of 1 Peter. -The literary structure of 1 Peter. -Hope and holiness of life: 1 Peter 1, 13-16. -A functional christology: 1 Peter 1, 17-21. -Haviong been begotten a new love one another: 1 Pter 1, 22-25. -Summary and theological relection. | |
| 526 | _aSEG44 | ||
| 526 | _aSEG26 | ||
| 526 | _aP151 | ||
| 526 | _aP150 | ||
| 526 | _aP149 | ||
| 526 | _aP146 | ||
| 526 | _aP145 | ||
| 526 | _aP126 | ||
| 526 | _aP125 | ||
| 526 | _aP92 | ||
| 526 | _aP75 | ||
| 526 | _aP74 | ||
| 526 | _aP27 | ||
| 526 | _aP15 | ||
| 630 |
_aBiblia. _pN.T. _pPedro I _xComentarios. |
||
| 942 |
_2ddc _cBOOK |
||
| 949 |
_aRC 221.008 AB 146 _wDEWEY _c1 _i47848 _lCCODEBUL1 _mBUL _r0 _sY _tBOOK _u2015-6-24 _xTEOLOGIA _PP35 _0COMPRA _o.CIRCNOTE. No olvidar cambiar la fecha de devolución!!!!!!! _o.STAFF. Colección General |
||
| 994 |
_aC0 _bPEPRU |
||
| 596 | _a1 | ||
| 999 |
_aRC 221.008 AB 146 _wDEWEY _c24321 _i47848 _f2021-11-8 _g6 _lCCODEBUL1 _mBUL _r1 _sY _tBOOK _u2015-6-24 _xTEOLOGIA _PP35 _0COMPRA _o.CIRCNOTE. No olvidar cambiar la fecha de devolución!!!!!!! _o.STAFF. Colección General _d24321 |
||
| 980 |
_81 _gALBERTO SANCHEZ Responsable de Automatización |
||